000 00323nam a22001457a 4500
008 211012b ||||| |||| 00| 0 eng d
020 _a0534005403
041 _aeng
080 _a573
082 _a573
100 _a11
101 _aBIO
245 _aBiology The Unity and Diversity of Life
_cKirk,D
942 _2udc
_cBK
999 _c58176
_d58176